Statistics for Clubs that have played the most matches in Champions League

Click here to take the quiz!

General Stats

  • This quiz has been taken 45 times
  • The average score is 16 of 20

Answer Stats

RankMatches PlayedClub% Correct
2382Bayern
100%
14201Chelsea
100%
5293Manchester United
100%
3339FC Barcelona
98%
10248Liverpool
98%
1476Real Madrid
98%
15201Arsenal
95%
11247Ajax
93%
13205Inter
93%
4301Juventus
93%
6286Benfica
80%
8267Milan AC
80%
7269Porto
80%
16200Anderlecht
73%
12222Celtic
71%
17187PSV
63%
20173Rangers
61%
19177Galatasaray
37%
18186Olympiacos
34%
9255Dynamo Kyiv
27%

Score Distribution

Percentile by Number Answered

Percent of People with Each Score

Your Score History

You have not taken this quiz